000
00330nam a2200145Ia 4500
008
230312s9999||||xx |||||||||||||| ||und||
020
_a
N.M
082
_a
340
_b
PEL-A
100
_a
Pell team
245
0
_a
Aircraft maintenance engineer license
260
_a
Pakistan
_c
2021
300
_a
N.M
650
_a
Aviation
942
_c
BK
999
_c
14726
_d
14726